000
00356nam a2200169Ia 4500
100
_a
Shetty/ Roopa
650
_a
General
490
_v
2
942
_c
BK
654
_a
Communication skills II
245
_a
Communication Skills II
260
_b
Nandu Pub
_a
Mumbai
_c
1996
082
_a
302.2
_b
SHE
300
_a
74
546
_a
ENGLISH
999
_c
29503
_d
29503